Making the grade (Record no. 84026)
[ view plain ]
| 000 -LEADER | |
|---|---|
| fixed length control field | 01402cad a22002415a 4500 |
| 001 - CONTROL NUMBER | |
| control field | L156466 |
| 008 - FIXED-LENGTH DATA ELEMENTS--GENERAL INFORMATION | |
| fixed length control field | 120525s2012 xxk 000 0 eng d |
| 035 ## - SYSTEM CONTROL NUMBER | |
| System control number | (Sirsi) u156466 |
| 041 0# - LANGUAGE CODE | |
| Language code of text/sound track or separate title | eng |
| 100 1# - MAIN ENTRY--PERSONAL NAME | |
| Personal name | Sarling, Joe |
| 245 00 - TITLE STATEMENT | |
| Title | Making the grade |
| Remainder of title | the impact of development on employment on employment and city economies: May 2012 |
| Medium | [electronic resource] |
| 260 ## - PUBLICATION, DISTRIBUTION, ETC. | |
| Place of publication, distribution, etc. | London |
| Name of publisher, distributor, etc. | BCO |
| -- | Centre for Cities |
| Date of publication, distribution, etc. | 2012 |
| 520 ## - SUMMARY, ETC. | |
| Summary, etc. | Highlights the mismatch between office development and economic potential, especially in smaller dynamic cities where demand for office space far outstrips supply. Taking Bristol, Manchester, Cambridge, and York as case studies, the report recommends that cities, especially smaller ones, need to pro-actively work with their existing businesses to pre-empt growth and plan for future demand for office space. |
| 520 ## - SUMMARY, ETC. | |
| Summary, etc. | Executive summary - introduction - office-based employment matters to cities - economic performance - case studies: Bristol, Manchester, Cambridge, York - key findings - recommendations - appendix 1: private sector cities typology. |
| 590 ## - LOCAL NOTE (RLIN) | |
| Local note | NTK KA |
| 651 #4 - SUBJECT ADDED ENTRY--GEOGRAPHIC NAME | |
| Geographic name | England |
| 690 ## - LOCAL SUBJECT ADDED ENTRY--TOPICAL TERM (OCLC, RLIN) | |
| Topical term or geographic name as entry element | Commercial property |
| 9 (RLIN) | 6227 |
| 690 ## - LOCAL SUBJECT ADDED ENTRY--TOPICAL TERM (OCLC, RLIN) | |
| Topical term or geographic name as entry element | Planning and development |
| 9 (RLIN) | 6259 |
| 700 1# - ADDED ENTRY--PERSONAL NAME | |
| Personal name | Swinney, Paul |
| 700 1# - ADDED ENTRY--PERSONAL NAME | |
| Personal name | Coupar, Ken |
| 856 40 - ELECTRONIC LOCATION AND ACCESS | |
| Uniform Resource Identifier | <a href="https://www.bco.org.uk/uploaded/12_5_21_Making_the_grade.pdf">https://www.bco.org.uk/uploaded/12_5_21_Making_the_grade.pdf</a> |
| Public note | View the report at www.bco.org.uk |
| 942 ## - ADDED ENTRY ELEMENTS (KOHA) | |
| Suppress in OPAC | 0 |
| Withdrawn status | Lost status | Source of classification or shelving scheme | Damaged status | Not for loan | Home library | Current library | Shelving location | Date acquired | Total Checkouts | Full call number | Barcode | Date last seen | Copy number | Price effective from | Koha item type |
|---|---|---|---|---|---|---|---|---|---|---|---|---|---|---|---|
| Dewey Decimal Classification | Virtual | Virtual | Online | 25/05/2012 | ONLINE PUBLICATION | 156466-2001 | 06/08/2019 | 1 | 06/08/2019 | Book |